000 00845cam a22002653a 4500
001 14437
003 PGUSA
005 20140828083317.0
008 041224s2004||||xxu|||||s|||||000 | eng d
040 _aPGUSA
_beng
042 _adc
050 4 _aPG
100 1 _aTalvj,
_d1797-1870
245 1 0 _aHistorical View of the Languages and Literature of the Slavic Nations :
_bWith a Sketch of Their Popular Poetry
_h[electronic resource] /
_cTalvj
260 _bProject Gutenberg,
_c2004
506 _aPublic domain in the USA.
516 _aElectronic text
653 _aSlavic languages -- History
653 _aFolk songs, Slavic
653 _aSlavic literature -- History and criticism
700 1 _aRobinson, Edward,
_d1794-1863
830 0 _aProject Gutenberg
_v14437
856 4 0 _uhttp://www.gutenberg.org/ebooks/14437
942 _cEB
999 _c243692
_d243692